Die teuersten Fußballtransfers - Deutsche Fußballspieler - Statistiken

Allgemein
  • Dieses Quiz wurde 150 mal gespielt
  • Das Durchschnittsergebnis liegt bei 9 aus 10
Antwortstatistiken
Ablöse (M €) Saison Abgebender Verein Aufnehmender Verein Spieler % Korrekt
80,00 2020-2021 Bayer Leverkusen FC Chelsea Kai Havertz
100%
75,00 2023-2024 FC Chelsea FC Arsenal Kai Havertz
100%
52,00 2016-2017 FC Schalke 04 Manchester City Leroy Sané
98%
49,00 2020-2021 Manchester City Bayern München Leroy Sané
98%
53,00 2020-2021 RB Leipzig FC Chelsea Timo Werner
97%
43,00 2015-2016 FC Schalke 04 VfL Wolfsburg Julian Draxler
94%
37,00 2013-2014 Borussia Dortmund Bayern München Mario Götze
94%
47,00 2013-2014 Real Madrid FC Arsenal Mesut Özil
91%
41,00 2016-2017 FC Valencia FC Arsenal Shkodran Mustafi
81%
37,00 2018-2019 FC Schalke 04 Paris SG Thilo Kehrer
78%
Keine übereinstimmenden Quizze gefunden
Verteilung der Resultate
Anzahl Personen mit jedem Resultat
Perzentil nach korrekt beantworteten Fragen
Ihre Resultats-Entwicklung
Sie haben dieses Quiz noch nicht gespielt